00436nam a2200109 i 4500001000300000245014700003260002100150040000800171041000800179008004100187856009800228bg 0aTerminologia gospodarki magazynowej.nCz. 1-3,pUrządzenia do składowania. Pomocnicze urządzenia magazynowe. Fizyczna postać zapasów. aPoznań,c1974. cBPK apol s pl f |000 0 pol  uhttp://koha.tu.koszalin.pl/cgi-bin/koha/opac-detail.pl?biblionumber=16711yKatalog online BPK